Sports Quiz

Random Sports Quiz
Score 0/10 Timer 02:00
0 Plays Today
Question Answer Wrong Answers
Who led the Bears in passing yards in 2015? Jay Cutler
94.7%
Brian Hoyer
0%
Caleb Hanie
2.6%
Matt Barkley
2.6%
Who led the Bears in passing touchdowns in 2015? Jay Cutler
57.9%
Caleb Hanie
0%
Brian Hoyer
0%
Matt Barkley
2.6%
Who led the Bears in receiving yards? Alshon Jeffery
52.6%
Martellus Bennett
2.6%
Zach Miller
2.6%
Matt Forte
0%
Who led the Bears in rushing yards in 2015? Matt Forte
44.7%
Jeremy Langford
10.5%
Ka'Deem Carey
5.3%
Jacquizz Rodgers
0%
Who led the Bears in receptions in 2015? Alshon Jeffery
34.2%
Martellus Bennett
2.6%
Zach Miller
15.8%
Matt Forte
7.9%
Who led the Bears in interceptions in 2015? Kyle Fuller
28.9%
Tracy Porter
21.1%
Harold Jones-Quartey
5.3%
Jonathan Anderson
0%
Who led the Bears in tackles in 2015? Christian Jones
26.3%
Adrian Amos
10.5%
Shea McClellin
15.8%
Kyle Fuller
2.6%
Who led the Bears in receiving touchdowns in 2015? Zach Miller
23.7%
Martellus Bennett
5.3%
Alshon Jeffery
28.9%
Matt Forte
0%
Who led the Bears in rushing touchdowns in 2015? Jeremy Langford
21.1%
Matt Forte
36.8%
Jacquizz Rodgers
0%
Ka'Deem Carey
2.6%
Who led the Bears in sacks in 2015? Lamarr Houston
15.8%
Willie Young
13.2%
Pernell McPhee
21.1%
Eddie Goldman
5.3%

You're not logged in!

Compare scores with friends on all Sporcle quizzes.
OR
Log In

Sporcle TV

Today on Sporcle TV


Watch our educational content, quiz creation guides, and fun videos on Sporcle TV.

Show Comments

Extras

Top Quizzes Today


Score Distribution

Paid Content

Your Account Isn't Verified!

In order to create a playlist on Sporcle, you need to verify the email address you used during registration. Go to your Sporcle Settings to finish the process.

Report this User

Report this user for behavior that violates our Community Guidelines.

Details: